Paradigms in economic development : classic perspectives critiques and reflections (Record no. 2293)

MARC details
000 -LEADER
fixed length control field 00521 a2200181 4500
001 - CONTROL NUMBER
control field 068638
003 - CONTROL NUMBER IDENTIFIER
control field OSt
005 - DATE AND TIME OF LATEST TRANSACTION
control field 20220311114209.0
008 - FIXED-LENGTH DATA ELEMENTS--GENERAL INFORMATION
fixed length control field
020 ## - INTERNATIONAL STANDARD BOOK NUMBER
International Standard Book Number 8170333794
082 ## - DEWEY DECIMAL CLASSIFICATION NUMBER
Classification number 338.9
Item number P21P
245 1# - TITLE STATEMENT
Title Paradigms in economic development : classic perspectives critiques and reflections
Statement of responsibility, etc edited by Rajani Kanth
260 ## - PUBLICATION, DISTRIBUTION, ETC. (IMPRINT)
Place of publication, distribution, etc Jaipur
Name of publisher, distributor, etc Rawat Publications
Date of publication, distribution, etc 1997
300 ## - PHYSICAL DESCRIPTION
Extent x; 276p.
653 ## - INDEX TERM--UNCONTROLLED
Uncontrolled term Economic development
700 ## - ADDED ENTRY--PERSONAL NAME
Personal name Kanth, Rajani
Relator term Editor
942 ## - ADDED ENTRY ELEMENTS (KOHA)
Source of classification or shelving scheme Dewey Decimal Classification
Koha item type Books
Holdings
Withdrawn status Lost status Source of classification or shelving scheme Damaged status Not for loan Collection code Home library Current library Date acquired Source of acquisition Cost, normal purchase price Total Checkouts Full call number Barcode Date last seen Date checked out Price effective from Koha item type
    Dewey Decimal Classification     General Text Book Central University Of Rajasthan Central University Of Rajasthan 07/03/2012 ECO 500.00 1 338.9 P21P 2925 21/11/2024 14/12/2022 02/09/2020 Books